[Event "Szeged op"]
[Site "Szeged"]
[Date "1993.??.??"]
[Round "7"]
[White "Burmakin, Vladimir"]
[Black "Varga, Zoltan"]
[Result "1-0"]
[WhiteElo "2460"]
[BlackElo "2475"]

1.d4 d5 2.c4 dxc4 3.Nf3 c6 4.e3 b5 5.a4 e6 6.b3 Bb4+ 7.Bd2 Bxd2+ 8.Nfxd2 b4
9.Nxc4 Nf6 10.Be2 O-O 11.Bf3 Bb7 12.Ra2 Qc7 13.Ne5 Nbd7 14.Nd3 c5 15.Rc2 Rac8
16.O-O Ba6 17.Be2 Qa5 18.dxc5 Rfd8 19.Qe1 Bxd3 20.Bxd3 Rxc5 21.Qe2 Ne5 22.Bb5 Qb6
23.Rfc1 Rdc8 24.h3 h6 25.Qd2 Ne4 26.Qd1 g6 27.Bf1 Rxc2 28.Rxc2 Rxc2 29.Qxc2 Qc6
30.Qxc6 Nxc6 31.Bd3 Nc5 32.Bc2 Kg7 33.Nd2 Na5 34.f4 Kf6 35.Kf2 e5 36.Kf3 exf4
37.exf4 Ke7 38.Ke3 Kd6 39.g4 Kd5 40.Bd1 Kd6 41.Ne4+ Kd5 42.Nxc5 Kxc5 43.Ke4 f6
44.g5 fxg5 45.fxg5 hxg5 46.Ke5 a6 47.Bc2 Nc6+ 48.Kf6 Nd4 49.Bd1 a5 50.Kxg5 Ne6+
51.Kf6 Nf4 52.h4 Kd4 53.Kg5 Ng2 54.Bf3 Ne1 55.Bb7 Nd3 56.Kxg6 Kc3 57.Be4 Nf4+
58.Kf5 Ne2 59.Bd5 Nd4+ 60.Kg6 Ne2 61.Kg5 Kd4 62.Bg8 Ke5 63.h5 Nd4 64.h6 Nf3+
65.Kg4 Nh2+ 66.Kg3 Nf1+ 67.Kf2 Nd2 68.h7 Ne4+ 69.Ke1 Kd4 70.h8=Q+ Ke3 71.Bd5 Nc3
72.Qh3+ Kd4 73.Bc4 Ne4  1-0

[Event "Wattens op"]
[Site "Wattens"]
[Date "1993.??.??"]
[Round "?"]
[White "Netolitzky, Gregor"]
[Black "Duer, Werner"]
[Result "0-1"]
[WhiteElo "2240"]
[BlackElo "2300"]

1.d4 d5 2.Nf3 c6 3.c4 Nf6 4.Qb3 dxc4 5.Qxc4 Bf5 6.Nc3 e6 7.g3 h6 8.Bg2 Nbd7
9.O-O Be7 10.Bd2 O-O 11.a4 a5 12.Ne1 Nb6 13.Qb3 Qxd4 14.Be3 Qb4 15.Qxb4 axb4
16.Bxb6 bxc3 17.bxc3 Ra6 18.a5 Nd7 19.e4 Bg4 20.Nc2 Be2 21.Rfe1 Nxb6 22.Rxe2 Nc4
23.Ra4 b5 24.Ra1 c5 25.e5 Rd8 26.f4 Rd3 27.Rb1 Rxa5 28.Bc6 Rxc3 29.Rxb5 Ra2
30.Rb8+ Bf8 31.Be4 f5 32.exf6 gxf6 33.g4 Nd6 34.Rd2 Kg7 35.Rxf8 Nxe4 36.Rdd8 Nd6
37.Rg8+ Kf7 38.Ne1 Rc1 39.Kf1 Raa1 40.Rh8 Rxe1+ 41.Kg2 Ke7  0-1

[Event "Werfen op"]
[Site "Werfen"]
[Date "1993.??.??"]
[Round "6"]
[White "Assmann, Thomas"]
[Black "Janovsky, Sergey"]
[Result "0-1"]
[WhiteElo "2355"]
[BlackElo "2445"]

1.d4 d5 2.Nf3 Nf6 3.c4 c6 4.Qb3 dxc4 5.Qxc4 Bf5 6.g3 e6 7.Bg2 Be7 8.O-O Nbd7
9.Nc3 O-O 10.e3 Ne4 11.Bd2 Nxd2 12.Nxd2 e5 13.d5 Nb6 14.Qb3 cxd5 15.Nxd5 Nxd5
16.Bxd5 Rc8 17.Rfc1 b6 18.Ne4 Kh8 19.Nc3 Bg6 20.Nb5 a5 21.Rxc8 Qxc8 22.Nc3 Qc7
23.a3 f5 24.Be6 Bd8 25.Rd1 f4 26.Rd7 fxe3 27.f3 Qc5 28.Kg2 Bh5 29.g4 Bg6
30.Qd5 Be7 31.Qb7 Bh4 32.Rd5 e2 33.Rxc5 e1=Q 34.Rc8 Qf2+ 35.Kh3 Bd8 36.Bf5 Bxf5
37.gxf5 h5 38.f6 Qf1+ 39.Kg3 h4+ 40.Kg4 Qg2+ 41.Kf5 Rxf6+ 42.Kxe5 Qxh2+ 43.Kd4 Qd2+
44.Kc4 Rf8 45.Nd5 Qe2+ 46.Kb3 Qxf3+ 47.Ka2 a4 48.Rc3 Qf1 49.Qd7 b5 50.Rc8 Kh7
51.Qg4 Qd3 52.Qh5+ Kg8 53.Nc3 Qd7 54.Rc5 Qf7+ 55.Qxf7+ Rxf7 56.Rxb5 g5 57.Rb8 Rf8
58.b3 h3 59.Ne4 h2  0-1

[Event "Werfen"]
[Site "Werfen"]
[Date "1993.??.??"]
[Round "7"]
[White "Basagic, Zlatko"]
[Black "Baum, Bernd"]
[Result "1/2-1/2"]
[WhiteElo "2415"]
[BlackElo "2305"]

1.d4 d5 2.Nf3 Nf6 3.c4 c6 4.Nbd2 g6 5.g3 Bg7 6.Bg2 O-O 7.O-O Bf5 8.Nh4 Be6
9.b3 a5 10.Bb2 a4 11.c5 axb3 12.axb3 Na6 13.h3 Nd7 14.Qc2 f6 15.f4 Bf7 16.f5 Qe8
17.Qc3 e5 18.e3 Qe7 19.Rfe1 Rfe8 20.Kf2 Bh6 21.Bf1 Qf8 22.Bd3 Qg7 23.Bxa6 bxa6
24.Qd3 Nb8 25.e4 Ra7 26.exd5 Bxd2 27.Qxd2 Bxd5 28.fxg6 hxg6 29.dxe5 fxe5
30.Qg5 Qf8+ 31.Ke2 Rg7 32.Rac1 Re6 33.Rf1 Qe8 34.b4 Nd7 35.Kf2 Qb8 36.Bc3 Nf6
37.Kg1 Ne4 38.Qe3 Nxc3 39.Qxc3 Rb7 40.Qe3 Qd8 41.Rc2 Kg7 42.Ra1 Rxb4 43.Rxa6 Rb1+
44.Rc1 Rxc1+ 45.Qxc1 Qf6 46.Ra7+ Re7 47.Rxe7+ Qxe7 48.Qe3 Qf6 49.Ng2 Qf5
50.g4 Qb1+ 51.Ne1 Qb2 52.g5 Kf7 53.Qf2+ Qxf2+ 54.Kxf2 Ke6 55.Ke3 Bh1 56.Nd3 Kd5
57.h4 Bg2 58.h5 gxh5 59.g6 Bh3 60.g7 Be6 61.Nf2 Kxc5 62.Ke4 Kd6 63.Nd3 h4
64.Nxe5 c5 65.Kf4 Kd5 66.Nf3  1/2-1/2

[Event "Akureyri"]
[Site "Akureyri"]
[Date "1994.??.??"]
[Round "?"]
[White "Olafsson, Helgi"]
[Black "Sokolov, Ivan"]
[Result "0-1"]
[WhiteElo "2535"]
[BlackElo "2650"]

1.d4 d5 2.Nf3 c6 3.c4 dxc4 4.e3 b5 5.a4 e6 6.axb5 cxb5 7.b3 Bb4+ 8.Bd2 Bxd2+
9.Qxd2 a5 10.bxc4 b4 11.c5 Nf6 12.Bb5+ Bd7 13.Qd3 O-O 14.Nbd2 Nd5 15.O-O Bxb5
16.Qxb5 Nc3 17.Qb7 Qd5 18.Qxd5 exd5 19.Ne5 a4 20.f3 f6 21.Nd3 Nc6 22.Kf2  0-1

[Event "AUT-chT2W 9495"]
[Site "Austria"]
[Date "1994.??.??"]
[Round "?.3"]
[White "Levy, Rene"]
[Black "Schmidlechner, Alexander"]
[Result "0-1"]
[WhiteElo "2160"]
[BlackElo "1860"]

1.d4 d5 2.Nf3 Nf6 3.c4 c6 4.g3 g6 5.Bg2 Bg7 6.O-O O-O 7.b3 Nbd7 8.Bb2 Nb6
9.a4 a5 10.Na3 Nbd7 11.cxd5 cxd5 12.Nb5 Nb8 13.Rc1 Ne8 14.Ne5 Bh6 15.e3 f6
16.Nd3 e6 17.f4 Rf7 18.e4 dxe4 19.Bxe4 Na6 20.Nc5 Nd6 21.Nxa6 Nxe4 22.Nac7 Rb8
23.Qe1 f5 24.d5 exd5 25.Qxa5 b6 26.Qa7 Bd7 27.Qa6 Nc5 28.Rxc5 bxc5 29.Nd6 Rf8
30.Be5 Bg7 31.Nxd5 Bxe5 32.fxe5 Be6 33.Nf6+ Rxf6 34.exf6 Rb6 35.f7+ Bxf7  0-1

[Event "EUCup Gr4"]
[Site "Balatonbereny"]
[Date "1994.??.??"]
[Round "?"]
[White "Horvath, Jozsef"]
[Black "Nikcevic, Nebojsa"]
[Result "0-1"]
[WhiteElo "2520"]
[BlackElo "2470"]

1.d4 d5 2.c4 c6 3.Nf3 Nf6 4.Qc2 dxc4 5.Qxc4 Bf5 6.g3 Nbd7 7.Nc3 e6 8.Bg2 h6
9.O-O Be7 10.e3 O-O 11.Qe2 Ne4 12.Nd2 Nxd2 13.Bxd2 e5 14.d5 Nb6 15.e4 Bd7
16.Rfd1 Bd6 17.dxc6 Bxc6 18.Nb5 Bc5 19.b4 Bxb5 20.Qxb5 Bd4 21.Bc3 a6 22.Qe2 Bxc3
23.Rxd8 Rfxd8 24.Rc1 Na4 25.Bh3 Rd4 26.b5 axb5 27.Qxb5 Rb4 28.Qd5 Rb2 29.Bg4 Bd4
30.Kh1 Nc3 31.Qc4 Nxe4 32.Be2 Nxf2+ 33.Kg2 Ne4 34.Rc2 Nd6 35.Qc7 Bb6 36.Qxd6 Rxc2
37.Kf3 Bd4 38.Qd5 Rc3+ 39.Kg2 Rc2 40.Kf1 Rcxa2 41.Bc4 Rf2+ 42.Ke1 Ra1+  0-1

[Event "Regionalliga NW9495"]
[Site "Bayern"]
[Date "1994.??.??"]
[Round "1"]
[White "Assmann, Thomas"]
[Black "Golda, Harald"]
[Result "1/2-1/2"]
[WhiteElo "2325"]
[BlackElo "2155"]

1.d4 d5 2.Nf3 Nf6 3.c4 c6 4.Qb3 e6 5.Bg5 Be7 6.e3 O-O 7.Nc3 Nbd7 8.Rc1 Re8
9.Bd3 a6 10.O-O dxc4 11.Qxc4 Nd5 12.Bxe7 Qxe7 13.Nxd5 exd5 14.Qc2 Nf6 15.Qc5 Qxc5
16.Rxc5 a5 17.b3 Kf8 18.h3 Ke7 19.Rfc1 Kd6 20.R5c3 Be6 21.Ne5 Nd7 22.Nxd7 Bxd7
23.a3 h6 24.Kh2 f5 25.Kg3 g5 26.h4 Rg8 27.hxg5 hxg5 28.Rh1 Raf8 29.Rh6+ Kc7
30.Kf3 f4 31.Ke2 fxe3 32.fxe3 Bg4+ 33.Ke1 Bf5 34.Bxf5 Rxf5 35.Rh7+ Kb6 36.Rc2 Rgf8
37.Re2 Rf1+ 38.Kd2 Ra1 39.a4 Rff1 40.Kc3 Rfc1+ 41.Kb2 Rcb1+ 42.Kc3 Re1 43.Rxe1 Rxe1
44.Rh3 Rc1+ 45.Kd3 Rb1 46.Kc2 Rf1 47.Rg3 Rf5 48.Kd3 Kc7 49.e4 dxe4+ 50.Kxe4 Rd5
51.Rf3 Kd6 52.Rf7 b5 53.Rf6+ Kd7 54.Rg6 Kc7 55.Re6 bxa4 56.bxa4 Kb6 57.g4 Rd8
58.Re5 Rg8 59.Kd3 Rh8 60.Rxg5 Rh3+ 61.Ke4 Ra3 62.Rc5 Rxa4 63.Rc1 Ra2 64.Rg1 Re2+
65.Kf5 Re8 66.Rb1+ Ka6 67.g5 a4 68.g6 Ka5 69.g7 a3 70.Kf6 Ra8 71.Kf7 Ra7+
72.Kg6 Ra8 73.Kh7 a2 74.Rd1 Kb4 75.g8=Q Rxg8 76.Kxg8 Kc3 77.Kf7 Kc2 78.Rh1 Kc3
79.Ke6 Kxd4 80.Ra1 c5 81.Rxa2 c4 82.Ra4 Kd3 83.Kd5 c3 84.Rd4+ Ke2  1/2-1/2

[Event "Berliner Sommer"]
[Site "Berlin"]
[Date "1994.??.??"]
[Round "?"]
[White "Vasilchenko, Oleg"]
[Black "Kula, Robert"]
[Result "0-1"]
[WhiteElo "2435"]
[BlackElo "2305"]

1.d4 d5 2.c4 c6 3.Nf3 Nf6 4.g3 g6 5.Bg2 Bg7 6.O-O O-O 7.Nc3 Nbd7 8.cxd5 cxd5
9.Bf4 Nb6 10.b3 Bg4 11.Ne5 Rc8 12.Rc1 Be6 13.Nd3 Nbd7 14.h3 Ne4 15.Nb5 Qb6
16.a4 Rxc1 17.Nxc1 a6 18.Nc7 Nc3 19.Qd2 Qxd4 20.Nxe6 fxe6 21.h4 Qxd2 22.Bxd2 Nc5
23.Bh3 Kf7 24.Bxc3 Bxc3 25.Nd3 Nxd3 26.exd3 Rc8 27.Rc1 Rc6 28.Kf1 Kf6 29.Ke2 Ke5
30.Bg2 Kd4 31.Bh3 e5 32.Bf1 Rb6 33.Rb1 Kc5 34.Bg2 e6 35.Bh3 Kb4 36.f3 Rc6
37.Kd1 Ka3 38.a5 Bb2 39.Kd2 Kxb3 40.f4 Ka2 41.Rf1 exf4 42.gxf4 Bc3+ 43.Ke3 Bxa5
44.h5 Bb6+ 45.Kf3 Kb2 46.hxg6 hxg6 47.Re1 Kc3 48.Bxe6 Kd4 49.Bf7 Bc5 50.Rg1 a5
51.Bxg6 a4 52.Be8 Ra6 53.Rg2 a3 54.Ra2 Ra5 55.Ke2 Kc3 56.Bf7 Bb4  0-1

[Event "Bern op"]
[Site "Bern"]
[Date "1994.??.??"]
[Round "7"]
[White "Timmer, Robert"]
[Black "Lieb, Harald"]
[Result "1/2-1/2"]
[WhiteElo "2300"]
[BlackElo "2275"]

1.Nf3 Nf6 2.c4 c6 3.d4 d5 4.Qb3 dxc4 5.Qxc4 Bf5 6.Nc3 e6 7.a4 Be7 8.g3 O-O
9.Bg2 Nbd7 10.O-O h6 11.a5 a6 12.Qb3 Qc8 13.Nd2 e5 14.d5 Nc5 15.Qa2 Bh3 16.Nc4 Bxg2
17.Kxg2 Qc7 18.Nb6 Rad8 19.Kg1 Rfe8 20.Qc4 cxd5 21.Nbxd5 Qc8 22.Be3 Ne6 23.Nxe7+ Rxe7
24.Qh4 Nd4 25.Rad1 Nf5 26.Qb4 Nxe3 27.Qxe7 Nxd1 28.Nxd1 Re8 29.Qb4 Rd8 30.Ne3 Nd5
31.Qe4 Nxe3 32.Qxe3 Qc7 33.b4 Rd5 34.Rc1 Qd7 35.Qc3 Kf8 36.e4 Rd4 37.Qc5+ Qe7
38.Qb6 f6 39.Rc8+ Kf7 40.Rc7 Rd7 41.Rc5 Qe6 42.Qxe6+ Kxe6 43.b5 axb5 44.Rxb5 Kd6
45.a6 bxa6 46.Rb6+ Kc5 47.Rxa6 Kd4 48.Ra4+ Kd3 49.Kg2 h5  1/2-1/2

[Event "Brno-A"]
[Site "Brno"]
[Date "1994.??.??"]
[Round "2"]
[White "Haba, Petr"]
[Black "Stangl, Markus"]
[Result "1/2-1/2"]
[WhiteElo "2505"]
[BlackElo "2535"]

1.d4 d5 2.c4 c6 3.Nf3 dxc4 4.a4 e6 5.e3 b5 6.b3 b4 7.Bxc4 Nf6 8.O-O Be7 9.a5 O-O
10.Bd2 c5 11.dxc5 Bxc5 12.Ne5 Bd6 13.Nd3 Qe7 14.Qe2 Nc6 15.Rc1 Bd7 16.Be1 e5
17.Nd2 e4 18.Nf4 Qe5 19.Bb5 Nd4 20.exd4 Qxb5 21.Qxb5 Bxb5 22.g3 Rfd8 23.Nc4 Bf8
24.Rd1 Rac8 25.Rac1 h6 26.h4 Rd7 27.Ne3 Rxc1 28.Rxc1 Rxd4 29.Rc8 Ne8 30.Nfd5 a6
31.Rb8 Bd6 32.Rd8 Kh7 33.Kh2 Rd3 34.Ra8 Rxb3 35.Nf5 Bc5 36.Rc8 Rf3 37.Rxc5 Rxf5
38.g4 Rf3 39.Nxb4 Nf6 40.g5 Ng4+ 41.Kg2 h5 42.Nc6 Ra3 43.Ne5 Be2 44.g6+ fxg6
45.Nf7 g5 46.Nxg5+ Kg6 47.Rc6+ Nf6 48.Bb4 Ra4 49.Bc3 e3 50.fxe3 Rxh4 51.Ne6 Rg4+
52.Kh2 Rh4+ 53.Kg3 Rg4+ 54.Kh2 Rc4 55.Nf4+ Kg5 56.Bxf6+ gxf6 57.Rxa6 Bg4
58.Ra7 Rc2+ 59.Kg1 Kh4 60.Rg7 Ra2 61.Rg8 f5 62.a6 Kg3 63.Nxh5+ Kf3 64.Nf6 Bh3
65.Nh5 Bg4 66.Nf6 Rxa6 67.Nxg4 fxg4 68.Rf8+ Kg3 69.Rf1 Ra2 70.e4 Rg2+ 71.Kh1 Rf2
72.Ra1 Kh3 73.Kg1 Re2 74.Ra3+ g3 75.Ra1 Rxe4 76.Rb1 Re2 77.Ra1 Rg2+ 78.Kh1 Rh2+  1/2-1/2

[Event "Brno-B"]
[Site "Brno"]
[Date "1994.??.??"]
[Round "5"]
[White "Saljova, Silvie"]
[Black "Chernikov, Oleg L"]
[Result "0-1"]
[WhiteElo "2250"]
[BlackElo "2390"]

1.d4 d5 2.Nf3 c6 3.c4 dxc4 4.e4 b5 5.a4 Nf6 6.Qc2 e6 7.Bg5 h6 8.Bxf6 gxf6
9.axb5 cxb5 10.b3 Nc6 11.Nbd2 Nxd4 12.Nxd4 Qxd4 13.Rd1 Bb7 14.Be2 Bb4 15.bxc4 Rd8
16.cxb5 Bxe4 17.Qa2 O-O 18.h4 Rd5 19.Bc4 Bd3 20.Bxd3 Qxd3 21.Rh3 Re5+ 22.Re3 Rxe3+
23.fxe3 Qxe3+ 24.Kf1 Rd8  0-1

[Event "Budapest FS10 GM"]
[Site "Budapest"]
[Date "1994.??.??"]
[Round "1"]
[White "Horvath, Jozsef"]
[Black "Varga, Peter"]
[Result "1/2-1/2"]
[WhiteElo "2520"]
[BlackElo "2405"]

1.d4 d5 2.c4 c6 3.Nf3 Nf6 4.Qc2 dxc4 5.Qxc4 Bf5 6.Nc3 Nbd7 7.g3 e6 8.Bg2 Be7
9.O-O O-O 10.e3 Ne4 11.Qe2 Nxc3 12.bxc3 Be4 13.Rd1 Qa5 14.c4 Rfd8 15.Bd2 Qa6
16.Bf1 c5 17.Bc3 Bf6 18.Nd2 Bc6 19.Qg4 cxd4 20.exd4 Qa3 21.Nb3 Nc5 22.Rab1  1/2-1/2

[Event "Budapest FS07 GM"]
[Site "Budapest"]
[Date "1994.??.??"]
[Round "2"]
[White "Dao Thien Hai"]
[Black "Bliumberg, Vladislav"]
[Result "1-0"]
[WhiteElo "2475"]
[BlackElo "2360"]

1.d4 d5 2.c4 dxc4 3.Nf3 c6 4.Nc3 b5 5.a4 b4 6.Nb1 Qa5 7.e3 c3 8.bxc3 bxc3
9.Qc2 Ba6 10.Bxa6 Qxa6 11.Ba3 Nf6 12.Nxc3 Nbd7 13.Ne2 e6 14.Bxf8 Kxf8 15.O-O g6
16.Rfc1 Kg7 17.Nf4 Nd5 18.Qxc6 Qxc6 19.Rxc6 Nxf4 20.exf4 Rhc8 21.Rac1 Rxc6
22.Rxc6 Rb8 23.g3 Rb7 24.a5 Nb8 25.Rc8 Na6 26.Ne5 Nb4 27.Kg2 Nd5 28.Ra8 Nb4
29.h4 h5 30.Kf1 Rc7 31.Rb8 Nc6 32.Nxc6 Rxc6 33.Ke2 Rd6 34.Rb7 Rxd4 35.Rxa7 Ra4
36.Ke3 Kf6 37.a6 Kg7 38.f3 Ra3+ 39.Kd4 Rxf3 40.Kc5 Rxg3 41.Rc7 Rc3+ 42.Kb6 Rb3+
43.Kc6 Ra3 44.a7 Kf6 45.Kb6 Rb3+ 46.Ka6 Ra3+ 47.Kb7 Kf5 48.Rxf7+ Kg4 49.a8=Q Rxa8
50.Kxa8 Kxh4 51.Kb7 Kg3 52.Kc6 h4 53.Kd6 h3 54.Ke5 Kf3 55.Rh7 Kg4 56.Rh6  1-0

[Event "Budapest FS04 IM-B"]
[Site "Budapest"]
[Date "1994.??.??"]
[Round "2"]
[White "Peredy, Ferenc"]
[Black "Bukal, Vladimir Jr"]
[Result "0-1"]
[WhiteElo "2190"]
[BlackElo "2265"]

1.d4 d5 2.Nf3 Nf6 3.c4 c6 4.g3 Bf5 5.Bg2 e6 6.O-O h6 7.Qb3 Qb6 8.Nbd2 Nbd7
9.c5 Qc7 10.Qc3 g5 11.b4 Bg7 12.Bb2 O-O 13.h3 Rad8 14.Rad1 Ne4 15.Qb3 Bg6
16.Nxe4 Bxe4 17.Ne1 Bxg2 18.Nxg2 f5 19.f4 Nf6 20.Bc1 Ne4 21.Kh2 Rf6 22.Ne1 Qf7
23.Qf3 g4 24.Qg2 gxh3 25.Qxh3 Rg6 26.Rd3 Bf6 27.Rff3 Qg7 28.Be3 Kf7 29.Ng2 Rg8
30.Bg1 Rg4 31.Qh5+ Ke7  0-1

[Event "Budapest FS09 GM"]
[Site "Budapest"]
[Date "1994.??.??"]
[Round "3"]
[White "Hoffmann, Michael"]
[Black "Varga, Peter"]
[Result "1/2-1/2"]
[WhiteElo "2470"]
[BlackElo "2405"]

1.d4 d5 2.c4 c6 3.Nf3 Nf6 4.Qc2 dxc4 5.Qxc4 Bf5 6.Nc3 e6 7.e3 Nbd7 8.g3 Be7
9.Bg2 O-O 10.O-O Ne4 11.Qe2 Nxc3 12.bxc3 Be4 13.Rd1 Qa5 14.c4 Bf6 15.Ne5 Nxe5
16.Bxe4 Nd7 17.Rb1 Rab8 18.Qd3 Rfd8 19.Bxh7+ Kh8 20.Bd2 Qa6 21.Be4 Nc5 22.Qc2 Nxe4
23.Qxe4 Qxc4 24.Rb3 c5 25.Bc3 cxd4 26.exd4 e5 27.Bb2 exd4 28.g4 Kg8 29.Rh3 g6
30.g5 Bg7 31.Qh4 b5 32.Qh7+ Kf8 33.Rhd3 Qxa2 34.R1d2 Qd5 35.Bxd4 Qxg5+ 36.Rg3 Rxd4
37.Rxg5 Rxd2 38.Qh4 b4 39.Qf4 Rdd8 40.Rxg6 b3 41.Rxg7 Kxg7 42.Qg5+ Kf8 43.Qc5+ Ke8
44.Qe5+ Kd7 45.Qd5+ Kc7 46.Qc4+ Kd6 47.Qd4+ Ke6 48.Qe4+  1/2-1/2

[Event "Budapest Spring op"]
[Site "Budapest"]
[Date "1994.??.??"]
[Round "3"]
[White "Nepomnishay, Mikhail I"]
[Black "Henssler, Joachim"]
[Result "1-0"]
[WhiteElo "2345"]
[BlackElo "2230"]

1.d4 d5 2.c4 c6 3.Nf3 Nf6 4.Nbd2 e6 5.e3 Nbd7 6.Bd3 Bd6 7.O-O O-O 8.e4 Nxe4
9.Nxe4 dxe4 10.Bxe4 h6 11.Bc2 e5 12.b3 f5 13.dxe5 Nxe5 14.Bb2 Nxf3+ 15.Qxf3 Qc7
16.Rfe1 b6 17.Rad1 Bb7 18.Qh5 Rad8 19.Bxf5 c5 20.Rd3 Bxh2+ 21.Qxh2 Qxh2+
22.Kxh2 Rxd3 23.Bxd3 Rxf2 24.Re2  1-0

[Event "Budapest Spring op"]
[Site "Budapest"]
[Date "1994.??.??"]
[Round "6"]
[White "Berebora, Ferenc"]
[Black "Varga, Zoltan"]
[Result "1/2-1/2"]
[WhiteElo "2390"]
[BlackElo "2470"]

1.d4 d5 2.c4 c6 3.Nf3 dxc4 4.e3 b5 5.a4 e6 6.axb5 cxb5 7.b3 Bb4+ 8.Bd2 Bxd2+
9.Nbxd2 a5 10.bxc4 b4 11.c5 Nf6 12.Bb5+ Bd7 13.Qa4 O-O 14.Ne5 Bxb5 15.Qxb5 Nd5
16.Ne4 Ra6 17.O-O Qc7 18.c6 Rb6 19.Qxa5 Nxc6  1/2-1/2

[Event "Budapest FS02 IM-A"]
[Site "Budapest"]
[Date "1994.??.??"]
[Round "7"]
[White "Zimmerman, Yuri"]
[Black "Kargoll, Boris"]
[Result "0-1"]
[WhiteElo "2345"]
[BlackElo "2315"]

1.d4 d5 2.Nf3 Nf6 3.c4 c6 4.Qc2 g6 5.Bf4 dxc4 6.Qxc4 Bg7 7.Nc3 b5 8.Qd3 b4
9.Ne4 Nxe4 10.Qxe4 Bf5 11.Qe3 O-O 12.Bh6 Nd7 13.Bxg7 Kxg7 14.Qd2 Qb6 15.e3 c5
16.Bc4 Rad8 17.O-O Bg4 18.dxc5 Nxc5 19.Qe2 Ne4 20.h3 Rd2 21.Qxd2 Nxd2 22.Nxd2 Be6
23.Bxe6 Qxe6 24.b3 Rd8 25.Nc4 Qf5 26.Rfd1 Rd3 27.Kf1 Qd5 28.Rdc1 a5 29.f3 a4
30.Rab1 axb3 31.axb3 Rc3 32.Rxc3 bxc3 33.Rc1 Qd3+ 34.Ke1 c2 35.e4 Qxb3 36.Kd2 Qxc4
37.Rxc2 Qf1 38.Kc3 Kf6 39.Rd2 Kg5 40.Rd7 Qxg2 41.Rxe7 Qxf3+  0-1

[Event "Budapest Spring op"]
[Site "Budapest"]
[Date "1994.??.??"]
[Round "7"]
[White "Czebe, Attila"]
[Black "Acs, Peter"]
[Result "1-0"]
[WhiteElo "2355"]
[BlackElo "2215"]

1.d4 d5 2.c4 c6 3.Nf3 Nf6 4.Qc2 g6 5.Bf4 Bg7 6.cxd5 Bf5 7.Qb3 Nxd5 8.Be5 f6
9.Bg3 Qb6 10.Nc3 Be6 11.Qc2 f5 12.e3 O-O 13.Ng5 Bd7 14.Bc4 e6 15.O-O Qb4
16.Bb3 Qe7 17.Nf3 g5 18.Rfe1 Be8 19.Qd2 Nd7 20.e4 Nxc3 21.exf5 Nd5 22.Rxe6 Qf7
23.Nxg5 Qxf5 24.Bc2 Qg4 25.Re4 Nf4 26.Rxf4  1-0

[Event "Budapest FS03 GM"]
[Site "Budapest"]
[Date "1994.??.??"]
[Round "8"]
[White "Horvath, Jozsef"]
[Black "Lukacs, Peter"]
[Result "1/2-1/2"]
[WhiteElo "2515"]
[BlackElo "2485"]

1.d4 d5 2.c4 c6 3.Nf3 Nf6 4.Qc2 dxc4 5.Qxc4 Bf5 6.Nc3 e6 7.g3 Nbd7 8.Bg2 Be7
9.O-O O-O 10.e3 Ne4 11.Qe2 Nxc3 12.bxc3 Be4 13.a4 c5 14.Nd2 Bxg2 15.Kxg2 Rc8
16.Nf3  1/2-1/2

[Event "Budapest FS05 IM"]
[Site "Budapest"]
[Date "1994.??.??"]
[Round "12"]
[White "Piven, Igor"]
[Black "Steiner, Bruno"]
[Result "0-1"]
[WhiteElo "2340"]
[BlackElo "2200"]

1.d4 d5 2.c4 c6 3.Nf3 Nf6 4.Qb3 dxc4 5.Qxc4 Bg4 6.Nbd2 e6 7.h3 Bh5 8.g4 Bg6
9.Ne5 Nbd7 10.Nxg6 hxg6 11.Bg2 Be7 12.O-O e5 13.dxe5 Nxe5 14.Qc3 Qc7 15.Nf3 Nfxg4
16.Bf4 Nxf3+ 17.Qxf3 Ne5 18.Qe4 Bf6 19.Rac1 O-O 20.b4 Rfe8 21.a4 a6 22.Rb1 Re6
23.Rfc1 Qe7 24.b5 axb5 25.axb5 Ra2 26.Bg3 cxb5 27.e3 Nc6 28.Qd5 Rb2 29.Rxb2 Bxb2
30.Rb1 Be5 31.f4 Bf6 32.e4 Bd4+ 33.Kh2 b4 34.e5 Kh7 35.Qc4 Qc5 36.Qe2 Bc3
37.h4 Nd4 38.Qg4 Nf5 39.h5 Nxg3 40.Kxg3 Qe3+ 41.Bf3 gxh5 42.Rh1 Qe1+  0-1

[Event "Calcutta op2"]
[Site "Calcutta"]
[Date "1994.??.??"]
[Round "?"]
[White "Hegde, Ravi Gopal"]
[Black "Bhattacharyya, P."]
[Result "0-1"]
[WhiteElo "2380"]
[BlackElo "2190"]

1.d4 d5 2.c4 c6 3.Nf3 Nf6 4.Qc2 e6 5.g3 Nbd7 6.Bg2 Bd6 7.O-O O-O 8.Rd1 Ne4
9.Nc3 f5 10.Bf4 Qe7 11.Bxd6 Qxd6 12.e3 b6 13.b3 Ba6 14.Bf1 Bb7 15.Ne2 Rac8
16.Qb2 c5 17.dxc5 bxc5 18.Nf4 Ndf6 19.Qe5 Rfe8 20.Qxd6 Nxd6 21.Bg2 Nf7 22.Rac1 d4
23.exd4 Bxf3 24.Bxf3 cxd4 25.c5 e5 26.Nd5 e4 27.Nxf6+ gxf6 28.Bh5 d3 29.b4 Re5
30.Bxf7+ Kxf7 31.Kf1 Rd5 32.Rc4 Ke6 33.Ke1 Ke5 34.Kd2 Rd4 35.Rdc1 Rxc4 36.Rxc4 Kd5
37.Kc3 a5 38.a3 axb4+ 39.axb4 Ra8 40.Rd4+ Ke5 41.Kc4 Ra2 42.Rd8 Rc2+ 43.Kb5 Rxf2
44.c6 Rc2 45.Kb6 d2 46.b5 e3 47.c7 Ke4 48.Rd6 Rxc7 49.Kxc7 e2 50.Rxd2 e1=Q  0-1

[Event "Calcutta op"]
[Site "Calcutta"]
[Date "1994.??.??"]
[Round "1"]
[White "Lodhi, Mahmood"]
[Black "Anilkumar, O T."]
[Result "1/2-1/2"]
[WhiteElo "2475"]
[BlackElo "2260"]

1.d4 d5 2.Nf3 Nf6 3.c4 c6 4.g3 dxc4 5.Bg2 g6 6.O-O Bg7 7.Nc3 O-O 8.a4 a5
9.e4 Bg4 10.Be3 Nbd7 11.Qe2 e5 12.Qxc4 Nb6 13.Qd3 Bxf3 14.Bxf3 exd4 15.Qxd4 Nfd5
16.Qd3 Nxe3 17.Qxe3 Nc4 18.Qe2 Nd2 19.Rfd1 Nxf3+ 20.Qxf3 Qb6 21.Qe2 Rad8
22.Kg2 Bxc3 23.bxc3 Rxd1 24.Qxd1 Rd8 25.Rb1 Rxd1 26.Rxb6 Ra1 27.Rxb7 Rxa4
28.e5 g5 29.Ra7 h6 30.Kf3 Rc4 31.Rxa5 g4+ 32.Kg2 Rxc3 33.Ra4 h5 34.h3 Rc5
35.hxg4 Rxe5 36.f4 Rc5 37.gxh5 Rxh5 38.Rc4 Rh6 39.Kf3 f5 40.Rc5 Rf6 41.Re5 Kf7
42.Kg2 Kg6 43.Kh3 Rf7 44.Re6+ Rf6 45.Re8 Kf7 46.Re5 Rh6+ 47.Kg2 Rf6 48.Kf3 Kg6
49.Kg2 Rf8 50.Rc5 Rc8 51.Kf3 Kf6 52.Ke3 Re8+ 53.Kd4 Re4+ 54.Kd3 Re6 55.Kd4 Re4+
56.Kc3 Re3+ 57.Kc4 Re4+ 58.Kd3 Re6 59.Rc4 Kg6 60.Rc5 Kf6  1/2-1/2

[Event "Cannes op"]
[Site "Cannes"]
[Date "1994.??.??"]
[Round "1"]
[White "Verat, Laurent"]
[Black "Prie, Eric"]
[Result "1/2-1/2"]
[WhiteElo "2330"]
[BlackElo "2475"]

1.d4 d5 2.c4 c6 3.Nf3 Nf6 4.Qc2 e6 5.g3 dxc4 6.Qxc4 b5 7.Qc2 Bb7 8.Bg2 Nbd7
9.O-O c5 10.a4 b4 11.Bg5 Rc8 12.dxc5 Bxc5 13.Qd3 O-O 14.Nbd2 h6 15.Bxf6 Nxf6
16.Qxd8 Rfxd8 17.Nb3 Ne4 18.Ne5 Bd5 19.Nxc5 Nxc5 20.Rfc1 Bxg2 21.Kxg2 f6
22.Nf3 Nb3 23.Rxc8 Rxc8 24.Rd1 Rc2 25.Nd4 Nxd4 26.Rxd4 Rxb2 27.Rd7 Rxe2 28.Rxa7 Ra2
29.a5 b3 30.Rb7 Rxa5 31.Rxb3 Ra2 32.h4 h5 33.Kf3 Kh7 34.Rc3 Kg6 35.Rc7 Ra3+
36.Kg2 Ra8 37.Kf3 Rf8 38.Ke4 Rf7 39.Rc6 e5 40.f4 Re7 41.fxe5 Rxe5+ 42.Kf4 Ra5
43.Rc7 Ra4+ 44.Kf3 Rg4 45.Rc6 Kf7 46.Rc5 g6 47.Ra5 f5 48.Ra7+ Ke6 49.Ra6+ Kf7
50.Ra7+ Kg8 51.Ra8+ Kg7 52.Ra7+ Kh6 53.Rf7 Ra4 54.Ke3  1/2-1/2

[Event "Cappelle op"]
[Site "Cappelle la Grande"]
[Date "1994.??.??"]
[Round "5"]
[White "Czebe, Attila"]
[Black "Arakhamia, Ketevan"]
[Result "1/2-1/2"]
[WhiteElo "2355"]
[BlackElo "2485"]

1.d4 d5 2.c4 c6 3.Nf3 Nf6 4.Qc2 e6 5.Bg5 h6 6.Bf4 Bb4+ 7.Nbd2 Nbd7 8.e3 O-O
9.Bd3 Qe7 10.O-O c5 11.a3 Bxd2 12.Qxd2 cxd4 13.exd4 dxc4 14.Bxc4 Nb6 15.Bd3 Nfd5
16.Bg3 Bd7 17.Ne5 Rfd8 18.Rae1 Be8 19.Ng4 Qg5 20.Qd1 f5 21.Ne5 Bh5 22.f4 Bxd1
23.fxg5 Bh5 24.gxh6 gxh6 25.h3 Rf8 26.Bf4 Nxf4 27.Rxf4 Kg7 28.Nc4 Nd5 29.Rh4 Bf7
30.Nd6 Bg8 31.Nxb7 Kg6 32.Nc5 Kg5 33.g3 Rfe8 34.Re5 Rac8 35.Rhe4 Kf6 36.Re1 Nc7
37.b4 Rcd8 38.Nb3 Rd6 39.a4 Bf7 40.Bc4 Rg8 41.Kf2 Rc6 42.Rc5 Rxc5 43.dxc5 h5
44.Rd1 h4 45.gxh4 Rh8 46.Rd4 Be8 47.b5 e5 48.Rd8 Ke7 49.Rb8 Rxh4 50.Rb7 Rxc4
51.Rxc7+ Ke6 52.c6 f4 53.a5 e4 54.b6 axb6 55.axb6 e3+ 56.Ke1 f3 57.b7 f2+
58.Kf1 Rb4 59.Rc8 Bg6 60.Nc5+ Kd5 61.b8=Q Rxb8 62.Rxb8 Kxc5 63.Rf8 Bd3+ 64.Kg2  1/2-1/2

[Event "Cappelle op"]
[Site "Cappelle la Grande"]
[Date "1994.??.??"]
[Round "5"]
[White "Mastrokoukos, Georgios"]
[Black "Sokolov, Andrei"]
[Result "1/2-1/2"]
[WhiteElo "2385"]
[BlackElo "2515"]

1.d4 d5 2.Nf3 Nf6 3.c4 c6 4.Qc2 e6 5.g3 Bd6 6.Nbd2 b6 7.Bg2 Bb7 8.O-O Nbd7
9.e4 Nxe4 10.Nxe4 dxe4 11.Qxe4 O-O 12.Qc2 Qe7 13.Bg5 f6  1/2-1/2

[Event "Cappelle op"]
[Site "Cappelle la Grande"]
[Date "1994.??.??"]
[Round "8"]
[White "Dausch, Rene"]
[Black "Ninov, Kiril"]
[Result "0-1"]
[WhiteElo "2310"]
[BlackElo "2415"]

1.d4 d5 2.Nf3 Nf6 3.c4 c6 4.Qb3 e6 5.g3 Be7 6.Bg2 O-O 7.O-O b6 8.Rd1 Ba6
9.Nfd2 Nbd7 10.Nc3 Rc8 11.e4 c5 12.e5 Ng4 13.cxd5 cxd4 14.Nce4 exd5 15.Nd6 Bxd6
16.exd6 Ndf6 17.Nf3 Bc4 18.Qa3 Ne4 19.Rxd4 Ngxf2 20.Bf4 Ng4 21.Re1 Rc5 22.b4 Rc8
23.Qxa7 Ngf6 24.Bh3 Ra8 25.Qc7 Rxa2 26.Ne5 Qxd6 27.Nxc4 Qxb4 28.Rc1 dxc4
29.Qxc4 Qb2 30.g4 Qf2+ 31.Kh1 Qxf4 32.Bg2 Qf2 33.Rg1 Ng5 34.Rf4 Nh3 35.Qf1 Qxf4  0-1

[Event "Ceske Budejovice op"]
[Site "Ceske Budejovice"]
[Date "1994.??.??"]
[Round "1"]
[White "Marsalek, Zdenek"]
[Black "Stripunsky, Alexander"]
[Result "0-1"]
[WhiteElo "2180"]
[BlackElo "2480"]

1.d4 d5 2.Nf3 c6 3.c4 Nf6 4.g3 Bf5 5.Qb3 Qb6 6.c5 Qxb3 7.axb3 Nbd7 8.b4 h6
9.Nc3 g5 10.b5 Bg7 11.bxc6 bxc6 12.Ra6 Nb8 13.Ra5 O-O 14.e3 Ne4 15.Be2 Nd7
16.O-O e5 17.Na4 Bg4 18.Rd1 Bf6 19.dxe5 Bd8 20.Ra6 Nb8 21.Kg2 Nxa6 22.Bxa6 Rb8
23.Rf1 Rb4 24.b3 Bxf3+ 25.Kxf3 Rxb3  0-1

[Event "Ceske Budejovice op"]
[Site "Ceske Budejovice"]
[Date "1994.??.??"]
[Round "6"]
[White "Chloupek, Stanislav"]
[Black "Sergeev, Vladimir"]
[Result "1/2-1/2"]
[WhiteElo "2310"]
[BlackElo "2435"]

1.d4 Nf6 2.c4 c6 3.Nf3 d5 4.Qb3 Qb6 5.Nc3 dxc4 6.Qxc4 Be6 7.Qa4 Nbd7 8.e4 Bg4
9.Be2 e6 10.O-O Qb4 11.Qd1 Rd8 12.a3 Qa5 13.Be3 Be7 14.b4 Qc7 15.Qc2 O-O
16.Rac1 Nb6 17.Qb3  1/2-1/2